| 000 | 01193nam a22003497a 4500 | ||
|---|---|---|---|
| 003 | CHAP | ||
| 005 | 20220329135511.0 | ||
| 008 | 971013s1982 r 00010 d | ||
| 010 | _a37625 | ||
| 011 | _a38597 | ||
| 035 | _a42717 | ||
| 040 | _cCHAP | ||
| 090 | _aTesis | ||
| 100 | 0 | 0 |
_aQuemé de León, José Luis. _993168 |
| 245 | _aDeterminación de aptitud combinatoria general y específica para rendimiento de seis progenitores de híbridos de maíz (Zea mays L.) | ||
| 260 |
_aGuatemala : _bEl autor, _c1982 |
||
| 300 | _a64 h. | ||
| 502 | _aTesis (Ing. Agr.) -- Universidad de San Carlos de Guatemala. Facultad de Agronomía | ||
| 590 |
_aALEPH _b10 _c20130110 _lUCH01 _h1303 |
||
| 590 |
_aBATCH-UPD _b10 _c20130110 _lUCH01 _h1719 |
||
| 590 |
_aBATCH-UPD _b10 _c20130410 _lUCH01 _h1103 |
||
| 590 |
_aBATCH-UPD _b10 _c20130914 _lUCH01 _h1612 |
||
| 590 |
_aCONVERSION _b10 _c20130109 _lUCH01 _h1321 |
||
| 650 | 1 | 4 |
_aHeterosis. _955071 |
| 650 | 1 | 4 |
_aMaíz _xGenética. _970963 |
| 650 | 1 | 4 |
_aMaíz _xHíbridos. _970974 |
| 650 | 1 | 4 |
_aMaíz _xMejoramiento. _971006 |
| 650 | 1 | 4 |
_aMaíz _xRendimiento. _971051 |
| 901 | _aBK | ||
| 942 | _cTESIS | ||
| 949 |
_bBC _cTES _d-98210 _eTS1 _h20167 _i42717 _si |
||
| 999 |
_c37625 _d37625 |
||